Central Library OPAC University of Rajshahi

Postmodernism / (Record no. 61929)

MARC details
000 -LEADER
fixed length control field 00931cam a2200277 a 4500
001 - CONTROL NUMBER
control field 61929
003 - CONTROL NUMBER IDENTIFIER
rucl marc code BD-RjUL
005 - DATE AND TIME OF LATEST TRANSACTION
control field 20211209081024.0
008 - FIXED-LENGTH DATA ELEMENTS--GENERAL INFORMATION
fixed length control field 170122r20022001enka b 001 0 eng d
020 ## - INTERNATIONAL STANDARD BOOK NUMBER
International Standard Book Number 0521004381 (pbk.)
International Standard Book Number 0521802954
035 ## - SYSTEM CONTROL NUMBER
System control number (BD-RjUL)62054
040 ## - CATALOGING SOURCE
Original cataloging agency BXM
Transcribing agency BXM
Modifying agency BD-RjUL
Language of cataloging eng
041 ## - LANGUAGE CODE
Language code of text/sound track or separate title eng
082 00 - DEWEY DECIMAL CLASSIFICATION NUMBER
Classification number 700.4113
Edition number 23
Author mark and year HEP 2002
100 1# - MAIN ENTRY--PERSONAL NAME
Personal name Heartney, Eleanor,
Dates associated with a name 1954-
9 (RLIN) 184327
245 10 - TITLE STATEMENT
Title Postmodernism /
Statement of responsibility, etc. Eleanor Heartney.
260 ## - PUBLICATION, DISTRIBUTION, ETC. (IMPRINT)
Place of publication, distribution, etc. Cambridge, U.K. ;
-- New York, N.Y. :
Name of publisher, distributor, etc. Cambridge University Press,
Date of publication, distribution, etc. 2001 [reprinted 2002]
300 ## - PHYSICAL DESCRIPTION
Pagination 80 p. :
Illustrations ill. ;
Size 24 cm.
490 1# - SERIES STATEMENT
Series statement Movements in modern art
504 ## - BIBLIOGRAPHY, ETC. NOTE
Bibliography, etc Includes bibliographical references (p. 78) and index.
650 #0 - SUBJECT ADDED ENTRY--TOPICAL TERM
Topical term or geographic name as entry element Postmodernism
General subdivision History.
9 (RLIN) 184328
Topical term or geographic name as entry element Art, Modern
Chronological subdivision 20th century
General subdivision Themes, motives.
9 (RLIN) 184329
830 #0 - SERIES ADDED ENTRY--UNIFORM TITLE
Uniform title Movements in modern art (Cambridge, England).
942 ## - ADDED ENTRY ELEMENTS (KOHA)
Source of classification or shelving scheme Dewey Decimal Classification
Koha item type Books
Holdings
Lost status Source of classification or shelving scheme Damaged status Not for loan Collection code Permanent Location Current Location Shelving location Date acquired Source of acquisition Cost, normal purchase price Total Checkouts Full call number Date last seen Copy number Koha item type Date checked out
  Dewey Decimal Classification   Not For Loan Non-fiction Central Library, University of Rajshahi Central Library, University of Rajshahi Reading Room 06/06/2007 Paragon Enterprises Ltd. 11.99   700.4113 HEP 2002 22/01/2017 C-1 Books  
  Dewey Decimal Classification     Non-fiction Central Library, University of Rajshahi Central Library, University of Rajshahi   06/06/2007 Paragon Enterprises Ltd. 11.99 1 700.4113 HEP 2002 18/12/2025 C-2 Books 08/12/2025